POLITICAL THEORY (Record no. 19781)

MARC details
000 -LEADER
fixed length control field 00338nam a22001457a 4500
003 - CONTROL NUMBER IDENTIFIER
control field SGT
020 ## - INTERNATIONAL STANDARD BOOK NUMBER
International Standard Book Number 9788121903691
082 ## - DEWEY DECIMAL CLASSIFICATION NUMBER
Classification number 320
Item number MAH
100 ## - MAIN ENTRY--PERSONAL NAME
Personal name MAHAJAN , VIDHYA DHAR
245 ## - TITLE STATEMENT
Title POLITICAL THEORY
Remainder of title PRINCIPLES OF POLITICAL SCIENCE
250 ## - EDITION STATEMENT
Edition statement 5
260 ## - PUBLICATION, DISTRIBUTION, ETC. (IMPRINT)
Place of publication, distribution, etc DELHI
Name of publisher, distributor, etc S CHAND
Year of Publication 2016
300 ## - PAGE DESCRIPTION
No. of Pages XII ,825
942 ## - ADDED ENTRY ELEMENTS (KOHA)
Source of classification or shelving scheme Dewey Decimal Classification
Koha item type Books
942 ## - ADDED ENTRY ELEMENTS (KOHA)
-- 35
Holdings
Withdrawn status Lost status Source of classification or shelving scheme Damaged status Not for loan Collection code Home library Current library Shelving location Date acquired Vendor Name Cost, normal purchase price SGTU Bill Number Total Checkouts Full call number Accession No. (Barcode) Date last seen Date last borrowed Bill Date Koha item type
    Dewey Decimal Classification     LAW SGT Science & Social Sciences Library SGT Science & Social Sciences Library Text Book 18/02/2020 COMMERCIAL BOOK HOUSE 495.00 SGTU 2559 9 320 MAH FL2464 09/12/2024 23/11/2024 20/01/2020 Books
    Dewey Decimal Classification     LAW SGT Science & Social Sciences Library SGT Science & Social Sciences Library Text Book 18/02/2020 COMMERCIAL BOOK HOUSE 495.00 SGTU 2559 8 320 MAH FL2465 29/10/2022 12/10/2022 20/01/2020 Books
    Dewey Decimal Classification     LAW SGT Science & Social Sciences Library SGT Science & Social Sciences Library Text Book 18/02/2020 COMMERCIAL BOOK HOUSE 495.00 SGTU 2559 12 320 MAH FL2466 17/10/2025 26/09/2025 20/01/2020 Books
    Dewey Decimal Classification   Not For Loan LAW SGT Science & Social Sciences Library SGT Science & Social Sciences Library Reference Book 18/02/2020 COMMERCIAL BOOK HOUSE 495.00 SGTU 2559   320 MAH FL2467 18/02/2020   20/01/2020 Books
    Dewey Decimal Classification     LAW SGT Science & Social Sciences Library SGT Science & Social Sciences Library Text Book 18/02/2020 COMMERCIAL BOOK HOUSE 495.00 SGTU 2559 8 320 MAH FL2468 25/09/2023 25/09/2023 20/01/2020 Books